[Event "Tarragona Province-chA"]
[Site "Tarragona"]
[Date "2008.05.17"]
[Round "5"]
[White "Farran Martos, Josep"]
[Black "Guasch Murtra, Josep Maria"]
[Result "1-0"]
[WhiteElo "2194"]
[BlackElo "2048"]
[PlyCount "83"]
[EventDate "2008.04.19"]
[EventType "swiss"]
[EventRounds "8"]
[EventCountry "ESP"]
[SourceTitle "EXT 2019"]
[Source "ChessBase"]
[SourceDate "2018.10.10"]
[SourceVersion "1"]
[SourceVersionDate "2018.10.10"]
[SourceQuality "1"]

1. e4 c5 2. Nf3 d6 3. Bb5+ Bd7 4. Bxd7+ Nxd7 5. 0-0 Ngf6 6. Re1 e6 7. c3 Be7 8. c4 0-0 9. Nc3 a6 10. b3 e5 11. a3 Rc8 12. d3 Ne8 13. Nd5 Nc7 14. Nxc7 Qxc7 15. b4 Bf6 16. Be3 Rfd8 17. Rb1 Nf8 18. Nd2 Ne6 19. Rb2 Bg5 20. Bxg5 Nxg5 21. Nf1 Ne6 22. Ne3 Re8 23. Nd5 Qb8 24. Qg4 Kf8 25. Qf5 g6 26. Qf6 Ng7 27. Qg5 Re6 28. Qh6 Kg8 29. Qh4 Kh8 30. Nf6 h5 31. Qg5 Rxf6 32. Qxf6 Kg8 33. bxc5 Rxc5 34. Reb1 b5 35. a4 Ne8 36. Qe7 Rc7 37. Qg5 Kg7 38. axb5 Rb7 39. Qd2 axb5 40. Rxb5 Rxb5 41. cxb5 Nc7 42. b6 1-0